| 000 | 00965nam a22002057a 4500 | ||
|---|---|---|---|
| 005 | 20100723105725.0 | ||
| 010 | _aHIN-89740 | ||
| 020 |
_a9788121614641 _c135.00 |
||
| 035 | _aHN-62086 | ||
| 037 | _bDBAD/PUB | ||
| 082 | _aक | ||
| 100 |
_aगर्ग, मृदुला _9877 |
||
| 245 |
_aमृदुला गर्ग की यादगारी कहानियां _cमृदुला गर्ग; तेजपाल सिंह धामा द्वारा संपादित |
||
| 246 |
_aMridula Garg ki yaadgari kahaniyan _bby Mridula Garg; editor Tejpal Singh Dhama |
||
| 260 |
_aनई दिल्ली _bहिन्द पॉकेट बुक्स _c2010 |
||
| 270 |
_aजे-40, जोरबाग लेन _bनई दिल्ली _e110028 |
||
| 300 |
_a208 पृ. _c20 सेमी. (अजिल्द) |
||
| 700 |
_aधामा, तेजपाल सिंह _9798 |
||
| 942 |
_2ddc _cHN _hक _mगर्गमृ |
||
| 999 |
_c37309 _d37309 |
||